| Tag |
First Indicator |
Second Indicator |
Subfields |
| LEADER |
00000cam a22000008a 4500 |
| 001 |
in00000073499 |
| 005 |
20151008053511.0 |
| 008 |
810407s1981 enka b 00110 eng |
| 010 |
|
|
|a 81003895
|
| 020 |
|
|
|a 052124207X :
|c $35.00 (est.)
|
| 020 |
|
|
|a 0521285259 (pbk.) :
|c $14.00 (est.)
|
| 035 |
|
|
|a (OCoLC)07462127
|
| 035 |
|
|
|9 AAH7639AM
|
| 039 |
0 |
|
|a 2
|b 3
|c 3
|d 3
|e 3
|
| 040 |
|
|
|a DLC
|c DLC
|d TXA
|d UtOrBLW
|
| 043 |
|
|
|a e-uk---
|
| 049 |
|
|
|a TXAM
|c [1672032]
|
| 050 |
0 |
0 |
|a JF493.G74
|b B64
|
| 082 |
0 |
|
|a 324.6/3/0941
|2 19
|
| 100 |
1 |
|
|a Bogdanor, Vernon,
|d 1943-
|
| 245 |
1 |
4 |
|a The people and the party system :
|b the referendum and electoral reform in British politics /
|c Vernon Bogdanor.
|
| 263 |
|
|
|a 8109
|
| 264 |
|
1 |
|a Cambridge [England] ;
|a New York :
|b Cambridge University Press,
|c 1981.
|
| 300 |
|
|
|a ix, 285 pages :
|b illustrations ;
|c 24 cm.
|
| 336 |
|
|
|a text
|b txt
|2 rdacontent
|
| 337 |
|
|
|a unmediated
|b n
|2 rdamedia
|
| 338 |
|
|
|a volume
|b nc
|2 rdacarrier
|
| 500 |
|
|
|a Includes indexes.
|
| 504 |
|
|
|a Bibliography: pages 274-279.
|
| 650 |
|
0 |
|a Referendum
|z Great Britain.
|
| 650 |
|
0 |
|a Representative government and representation
|z Great Britain.
|
| 650 |
|
0 |
|a Elections
|z Great Britain.
|
| 650 |
|
0 |
|a Political parties
|z Great Britain.
|
| 651 |
|
0 |
|a Great Britain
|x Politics and government.
|
| 999 |
|
|
|a MARS
|
| 999 |
f |
f |
|s 4ad643e4-8884-3f08-a660-aeeeb0784ba0
|i 9afd0c7e-a94f-3df1-b8de-bb2fc2108086
|t 0
|
| 952 |
f |
f |
|p ric
|a Texas A&M University
|b Rellis Campus
|c Joint Library Facility
|d Remote Storage
|t 0
|e JF493.G74 B64
|h Library of Congress classification
|i unmediated -- volume
|m A14806150119
|
| 998 |
f |
f |
|a JF493.G74 B64
|t 0
|l Remote Storage
|